Response of onion plants to humic acid and mineral fertilizers application (Record no. 52030)
[ view plain ]
| 000 -LEADER | |
|---|---|
| fixed length control field | 02362cab a2200265Ia 45 0 |
| 001 - CONTROL NUMBER | |
| control field | u199314 |
| 003 - CONTROL NUMBER IDENTIFIER | |
| control field | SIRSI |
| 008 - FIXED-LENGTH DATA ELEMENTS--GENERAL INFORMATION | |
| fixed length control field | 110810s2004 ua ss b eng d |
| 040 ## - CATALOGING SOURCE | |
| Original cataloging agency | EAL |
| 041 ## - LANGUAGE CODE | |
| Language code of text/sound track or separate title | eng |
| Language code of summary or abstract | ara |
| 090 ## - LOCALLY ASSIGNED LC-TYPE CALL NUMBER (OCLC); LOCAL CALL NUMBER (RLIN) | |
| Classification number (OCLC) (R) ; Classification number, CALL (RLIN) (NR) | ART AASM V42 No4 36 |
| 100 1# - MAIN ENTRY--PERSONAL NAME | |
| Personal name | EI-Desuki, M. |
| 240 10 - UNIFORM TITLE | |
| Uniform title | Annals of agricultural science, Moshtohor, 2004 v.42 (4) |
| Medium | [electronic resource]. |
| 245 14 - TITLE STATEMENT | |
| Title | Response of onion plants to humic acid and mineral fertilizers application |
| Medium | [electronic resource]. |
| 246 15 - VARYING FORM OF TITLE | |
| Title proper/short title | استجابة نباتات البصل لاضافة حمض الهيوميك والسماد المعدني. |
| 300 ## - PHYSICAL DESCRIPTION | |
| Extent | p.1955-1964 |
| 504 ## - BIBLIOGRAPHY, ETC. NOTE | |
| Bibliography, etc. note | Includes references. |
| 520 ## - SUMMARY, ETC. | |
| Summary, etc. | Two field experiments were carried out in the Experimental Station of National Research Center at Shalakan during the two Successive winter seasons of 200212003 and 2003/2004 to study the effect of the combinations between four levels of humic acid application (0, 2, .. and 6 Liter/fed.) and four levels of mineral fertilizes (0, 50, 75 and 100% of the recommended dose of NPK fertilizers application) on growth, yield and quality of onion. The obtained result clear that: . Vegetative growth of onion plants (plant height, number of leaves / plant, diameter of bulb and nick as well as fresh and dry weight of whole plant), total and exportable bulb yield and its quality (dry weigh% and TSS%) were gradually and significantly increased with increasing the level of humic acid application. However, mtrate accumulation in onion bulbs was decreased by increasing the le\'el of humic acid application. . Data also clear that, vegetative growth of onion plants, total yield and its quality as well as nitrate accumulation in onion bulbs were significantly increased by increasing the level of mineral fertilizers application from 0, SO, 7S up to 1000/. of the recommended dose of NPK application. . As for the interaction treatments, humic acid application at 6 L./fed. combined with adding 7S% of the recommended dose of mineral fertilizers gave the highest yield of onion bulbs with the best quality and reducing nitrate accumulation in onion bulb. |
| 546 ## - LANGUAGE NOTE | |
| Language note | Summary in Arabic. |
| 596 ## - | |
| -- | 1 |
| 650 #0 - SUBJECT ADDED ENTRY--TOPICAL TERM | |
| Topical term or geographic name entry element | Onions |
| 650 #0 - SUBJECT ADDED ENTRY--TOPICAL TERM | |
| Topical term or geographic name entry element | Humic acid. |
| 650 #3 - SUBJECT ADDED ENTRY--TOPICAL TERM | |
| Topical term or geographic name entry element | mineral fertilizers. |
| 856 40 - ELECTRONIC LOCATION AND ACCESS | |
| Uniform Resource Identifier | <a href="http://nile.enal.sci.eg/EALE/2004/AASM/4204/4/1955.pdf">http://nile.enal.sci.eg/EALE/2004/AASM/4204/4/1955.pdf</a> |
| Public note | Full Text Article |
| 942 ## - ADDED ENTRY ELEMENTS (KOHA) | |
| Koha item type | Articles |
| Source of classification or shelving scheme | Library of Congress Classification |
No items available.